| 000 | 00512nmm a2200169Ia 4500 | ||
|---|---|---|---|
| 008 | 251105s9999||||xx |||||||||||||||||und|| | ||
| 020 | _a9788477371762 | ||
| 041 | _aspa | ||
| 100 | _aGarcía Hernán, David | ||
| 245 | 0 | _aLa cultura de la guerra y el teatro del Siglo de Oro | |
| 264 |
_a[Madrid, España] : _bSílex Ediciones, _c2006 |
||
| 300 | _a334 páginas | ||
| 490 | _aSerie Historia Moderna | ||
| 650 | _aSpanish literature | ||
| 856 | _uhttps://public.digitaliapublishing.com/a/1277 | ||
| 942 | _cCF | ||
| 999 |
_c85342 _d85342 |
||